| 000 | 007360000a22002170004500 | ||
|---|---|---|---|
| 003 | LK-CoMWRAF | ||
| 005 | 20240701104717.0 | ||
| 008 | 230817t1992 ||||| |||| 00| 0 eng d | ||
| 040 |
_aLK-CoMWRAF _dLK-CoMWRAF _eLK-CoMWRAF |
||
| 041 | _aeng | ||
| 082 |
_a362.5 _bKOT |
||
| 100 | _aKottegoda, Sepali | ||
| 245 |
_aThe janasaviya poverty alleviation programme and women: _ba case study from Palenda village |
||
| 260 |
_aColombo: _b Women's Education and Research Centre publication, _c1992 |
||
| 300 |
_a 39, [16] p. ; 29 cm _bBibliography included |
||
| 490 | _aPublication no.37/E 16 | ||
| 650 | _aPoor women-Sri Lanka | ||
| 650 | _aRural women- Economic conditions | ||
| 650 | _aRural women- Employment- Sri Lanka | ||
| 942 | _cBK | ||
| 999 |
_c2574 _d2574 |
||